[Event "BRA-ch 88th"]
[Site "Recife"]
[Date "2022.12.15"]
[Round "1"]
[White "Lima, Luiz Alexandre de S"]
[Black "Di Berardino, Diego Rafael"]
[Result "0-1"]
[WhiteElo "1796"]
[BlackElo "2453"]
[PlyCount "55"]
[EventDate "2022.12.15"]
[EventType "swiss"]
[EventRounds "11"]
[EventCountry "BRA"]
[SourceTitle "CBM 212 Extra"]
[Source "ChessBase"]
[SourceDate "2023.03.31"]
[SourceVersion "1"]
[SourceVersionDate "2023.03.31"]
[SourceQuality "1"]

1. e4 c5 2. Nf3 e6 3. d4 cxd4 4. Nxd4 Nf6 5. Bd3 Nc6 6. Nb3 d5 7. Nc3 Bb4 8. exd5 Nxd5 9. 0-0 Nxc3 10. bxc3 Be7 11. Qh5 Qd5 12. Qxd5 exd5 13. c4 dxc4 14. Bxc4 0-0 15. Bd5 Bf5 16. c4 Rac8 17. Bb2 Nb4 18. Be5 h6 19. Rfd1 Bc2 20. Re1 Nxd5 21. cxd5 Bb4 22. Rec1 Ba3 23. Re1 f6 24. Bf4 Bb2 25. d6 Rfd8 26. Re7 Bxa1 27. d7 Ra8 28. Nxa1 0-1

[Event "Joao Pessoa de Assis Memorial 1st"]
[Site "Joao Pessoa"]
[Date "2019.11.15"]
[Round "1"]
[White "Lima, Luiz Alexandre de S"]
[Black "Mafra, Giovanna Marques"]
[Result "1-0"]
[WhiteElo "1810"]
[BlackElo "1195"]
[PlyCount "77"]
[EventDate "2019.11.15"]
[EventType "swiss"]
[EventRounds "6"]
[EventCountry "BRA"]
[SourceTitle "CBM 193 Extra"]
[Source "ChessBase"]
[SourceDate "2020.01.31"]
[SourceVersion "1"]
[SourceVersionDate "2020.01.31"]
[SourceQuality "1"]

1. e4 c5 2. Nf3 d6 3. d4 cxd4 4. Nxd4 Nf6 5. Nc3 g6 6. f4 Bg7 7. e5 Ng4 8. Bb5+ Nc6 9. Nxc6 bxc6 10. Bxc6+ Bd7 11. Bxa8 Qxa8 12. Nd5 Qc6 13. h3 e6 14. hxg4 Qxd5 15. Qxd5 exd5 16. exd6 Bxg4 17. 0-0 Bd4+ 18. Kh1 0-0 19. c3 Bc5 20. b4 Bxd6 21. Be3 Re8 22. Bd4 Re4 23. Rae1 Rxe1 24. Rxe1 h5 25. Be5 Bxe5 26. fxe5 Be6 27. Kg1 Kg7 28. Kf2 f6 29. exf6+ Kxf6 30. Ke3 d4+ 31. Kxd4 Bxa2 32. Ra1 Be6 33. Rxa7 h4 34. b5 h3 35. gxh3 Bxh3 36. b6 Bg2 37. b7 Bxb7 38. Rxb7 Kf5 39. c4 1-0

[Event "Recife Arraes Memorial 10th"]
[Site "Recife"]
[Date "2017.10.06"]
[Round "1"]
[White "Filgueira, Cornelio Patricio B"]
[Black "Lima, Luiz Alexandre de S"]
[Result "0-1"]
[WhiteElo "1687"]
[BlackElo "1889"]
[PlyCount "32"]
[EventDate "2017.10.06"]
[EventType "swiss"]
[EventRounds "6"]
[EventCountry "BRA"]
[SourceTitle "CBM 181 Extra"]
[Source "ChessBase"]
[SourceDate "2017.12.12"]
[SourceVersion "1"]
[SourceVersionDate "2017.12.12"]
[SourceQuality "1"]

1. e3 e5 2. Nc3 Nf6 3. Nf3 Nc6 4. b3 Bc5 5. Bb2 d6 6. g3 Bg4 7. h3 Bh5 8. g4 Bg6 9. a3 a5 10. Bg2 0-0 11. b4 axb4 12. axb4 Rxa1 13. Bxa1 Nxb4 14. Nh4 Bxc2 15. Qf3 e4 16. Qf5 Bd3 0-1

[Event "Recife Arraes Memorial 9th"]
[Site "Recife"]
[Date "2016.10.23"]
[Round "5.12"]
[White "Lima, Luiz Alexandre de S"]
[Black "De Andrade, Erastro Trajano"]
[Result "1-0"]
[WhiteElo "1904"]
[BlackElo "1908"]
[PlyCount "73"]
[EventDate "2016.10.21"]
[EventType "swiss"]
[EventRounds "6"]
[EventCountry "BRA"]
[SourceTitle "EXT 2022"]
[Source "ChessBase"]
[SourceDate "2021.10.06"]
[SourceVersion "1"]
[SourceVersionDate "2021.10.06"]
[SourceQuality "1"]

1. c4 d6 2. d4 g6 3. Nc3 Bg7 4. e4 Nf6 5. f3 b6 6. Be3 Bb7 7. Qd2 c5 8. d5 Na6 9. a3 Nc7 10. Bh6 0-0 11. g4 a6 12. Bxg7 Kxg7 13. h4 h5 14. Be2 Qd7 15. g5 Nh7 16. f4 e6 17. 0-0-0 Rad8 18. Nf3 b5 19. Kb1 exd5 20. cxd5 Rb8 21. e5 b4 22. axb4 cxb4 23. exd6 bxc3 24. Qxc3+ Kg8 25. dxc7 Rbc8 26. d6 Be4+ 27. Ka1 Rfe8 28. Rhe1 Bf5 29. Ne5 Qa4+ 30. Qa3 Qxa3+ 31. bxa3 Nf8 32. Bxa6 Ra8 33. Bb7 Rxa3+ 34. Kb2 Rg3 35. Bd5 Be6 36. Bxe6 Rxe6 37. c8Q 1-0

[Event "Recife Arraes Memorial 9th"]
[Site "Recife"]
[Date "2016.10.22"]
[Round "3.17"]
[White "Lima, Luiz Alexandre de S"]
[Black "Do Prado, Hamilton Mesquita"]
[Result "1/2-1/2"]
[WhiteElo "1904"]
[BlackElo "1675"]
[PlyCount "39"]
[EventDate "2016.10.21"]
[EventType "swiss"]
[EventRounds "6"]
[EventCountry "BRA"]
[SourceTitle "EXT 2022"]
[Source "ChessBase"]
[SourceDate "2021.10.06"]
[SourceVersion "1"]
[SourceVersionDate "2021.10.06"]
[SourceQuality "1"]

1. e4 e5 2. d4 exd4 3. Nf3 Nf6 4. c3 dxc3 5. Nxc3 Bb4 6. Bc4 h6 7. Qb3 Qe7 8. 0-0 Bxc3 9. Qxc3 Nc6 10. e5 Nh7 11. b3 0-0 12. a4 d6 13. Ba3 Bg4 14. exd6 cxd6 15. Rfd1 Qf6 16. Qxf6 Nxf6 17. Bxd6 Rfd8 18. Be7 Rxd1+ 19. Rxd1 Bxf3 20. gxf3 1/2-1/2

[Event "Joao Pessoa op 3rd"]
[Site "Joao Pessoa"]
[Date "2012.03.11"]
[Round "6"]
[White "Lima, Luiz Alexandre de S"]
[Black "Baltar, Petrov Ferreira"]
[Result "0-1"]
[WhiteElo "1971"]
[BlackElo "1782"]
[PlyCount "60"]
[EventDate "2012.03.09"]
[EventType "swiss"]
[EventRounds "6"]
[EventCountry "BRA"]
[SourceTitle "CBM 147 Extra"]
[Source "ChessBase"]
[SourceDate "2012.04.24"]
[SourceVersion "1"]
[SourceVersionDate "2012.04.24"]
[SourceQuality "1"]

1. e4 c5 2. Nf3 Nc6 3. d4 cxd4 4. Nxd4 a6 5. Be3 Nf6 6. Bd3 e6 7. 0-0 d5 8. Nxc6 bxc6 9. e5 Nd7 10. f4 Bc5 11. Bxc5 Nxc5 12. Kh1 a5 13. Nd2 a4 14. Nf3 Nxd3 15. cxd3 c5 16. Rc1 Qb6 17. d4 c4 18. Rc2 Ba6 19. f5 0-0 20. f6 Rfc8 21. Qc1 h6 22. fxg7 Kxg7 23. Qf4 Rg8 24. Qf6+ Kh7 25. Rc3 Qxb2 26. Qxf7+ Rg7 27. Ng5+ Kh8 28. Qf3 Rxg5 29. Qf6+ Kh7 30. Qf3 Rf8 0-1